| 000 | 00311nam a22001217a 4500 | ||
|---|---|---|---|
| 082 |
_a923.241 _bDUG |
||
| 100 |
_aDugdale Blanch _950567 |
||
| 245 | _aAuthur James Balfour | ||
| 260 |
_aLondon _bHutghinson & Co _c1848-1905 |
||
| 526 |
_a0 _b0 _c0 _d923_241000000000000_DUG |
||
| 650 |
_aMCE _9379 |
||
| 942 |
_2ddc _cBK |
||
| 999 |
_c553314 _d553314 |
||